000 005340000a22001690004500
003 MACL
005 20160220123609.0
008 160220b xxu||||| |||| 00| 0 eng d
040 _aMACL
_cmacl
041 _aHindi
082 _a300
100 _aसकसेना शंकरसहाय
_938382
245 _aगॉवों की समस्‍याए
260 _bहिन्‍दी साहित्‍य सम्‍मेलन
_aइलाहाबाद
650 _aSociology
_939183
942 _cHIN
_k300
_2ddc
999 _c25141
_d25141